| 000 | 00847nam a2200265 a 4500 | ||
|---|---|---|---|
| 001 | 71348 | ||
| 003 | BD-RjUL | ||
| 005 | 20211209082113.0 | ||
| 008 | 170502s2000 ii ao||| |||| 00| 0 ben d | ||
| 020 | _cTk. 150.00 | ||
| 035 | _a(BD-RjUL)71564 | ||
| 040 |
_aBD-RjUL _bben _cBD-RjUL |
||
| 041 | _aben | ||
| 082 |
_223 _a701.17 _bNAS 2000 |
||
| 100 |
_aনাগ, নির্মাল্য _9211154 |
||
| 245 |
_aশিল্পচেতনা / _cনির্মাল্য নাগ |
||
| 250 | _a২য় সং. | ||
| 260 |
_aকলিকাতা : _bদীপায়ন, _c২০০০ |
||
| 300 |
_a১৮৪ পৃ. : _bচিত্র ; _c১৯ সেমি. |
||
| 650 |
_aনন্দনতত্ব _9124123 |
||
| 650 |
_aশিল্প _9211155 |
||
| 650 |
_aArt _9211156 |
||
| 650 |
_aAesthetics _9124124 |
||
| 942 |
_2ddc _cBK |
||
| 999 |
_c71348 _d71348 |
||